| 000 | 01022nam a22003370a 4500 | ||
|---|---|---|---|
| 001 | PT41211 | ||
| 003 | AR-LpoUNG | ||
| 005 | 20210131230829.0 | ||
| 008 | 191001s1958||||sp |||||||||||||||||spa d | ||
| 040 |
_aAR-LpoUNG _bspa _cAR-LpoUNG _eaacr |
||
| 041 | _aspa | ||
| 044 | _asp | ||
| 082 | 0 | _a417.7 311ide | |
| 100 | 1 | _aLapesa, Rafael | |
| 245 | 1 | 0 |
_aIdeas y palabras : _bdel vocabulario de la ilustración al de los primeros liberales |
| 250 | _a1§ edición | ||
| 260 |
_aMadrid : _bInstituto Arnaldo Vilanova, _c1958. |
||
| 300 |
_a[29] p. : _btbls., gráfs. |
||
| 505 | 0 | _aPublicado en Archivo Iberoamericano de Historia de la Medicina y Antropología Médica, vols. XVIII-XIX años MCMLXVI-VII | |
| 650 | 4 | _aANALISIS HISTORICO | |
| 650 | 4 | _aCULTURA | |
| 650 | 4 | _aHISTORIA | |
| 650 | 4 | _aLENGUAS | |
| 650 | 4 | _aLINGUISTICA | |
| 650 | 4 | _aTERMINOLOGIA | |
| 650 | 4 | _aVOCABULARIO | |
| 651 | 4 | _aDOCUMENTOS TEORICOS O METODOLOGICOS | |
| 653 | _aANALISIS DEL DISCURSO | ||
| 905 | _a41211 | ||
| 942 | _cLIB | ||
| 999 |
_c6441 _d6441 |
||